000
00297nam a2200109Ia 4500
008
200302s9999 xx 000 0 und d
100
_a
P K Joshi, T P singh
245
_a
Geoinformatics for Climate Change studies
260
_b
The Energy and Resources Institute
260
_c
2013
300
_a
470 P
999
_c
4278
_d
4278